Statistics for Gas Station by Logo

Click here to take the quiz!

General Stats

  • This quiz has been taken 34 times
  • The average score is 6 of 12

Answer Stats

Answer% Correct
Shell
100%
7-Eleven
85%
Chevron
77%
bp
73%
Marathon
65%
Circle K
46%
Texaco
46%
Speedway
38%
Buc-ee's
35%
Sunoco
35%
Wawa
27%
Citgo
15%

Score Distribution

Percentile by Number Answered

Percent of People with Each Score

Your Score History

You have not taken this quiz